Studi nelle scienze giuridiche e sociali
| Subtitles: | Pubblicazioni della Università di Pavia Pubblicazioni della Università di Pavia / Studi nelle scienze giuridiche e sociali |
|---|---|
| Corporate Authors: | ; |
| Format: | Print Series/Journal |
| Language: | Italian |
| Subito Delivery Service: | Order now. |
| Check availability: | HBZ Gateway |
| WorldCat: | WorldCat |
| Interlibrary Loan: | Für eine Fernleihe wählen Sie bitte zuerst einen Band oder Aufsatz aus. |
| Published: |
Padova
CEDAM
1912-
Padova [u.a.] Mattei anfangs |
| In: | Year: 1912 |
| Series/Journal: | Pubblicazioni della Università di Pavia
|
| Standardized Subjects / Keyword chains: | B
Law
|
| Further subjects: | B
Publication series
|
MARC
| LEADER | 00000cas a2200000 c 4500 | ||
|---|---|---|---|
| 001 | 166495328 | ||
| 003 | DE-627 | ||
| 005 | 20250604135241.0 | ||
| 007 | tu | ||
| 008 | 941028c19129999it z| m| 0 |0ita c | ||
| 016 | 7 | |a 011177284 |2 DE-101 | |
| 016 | 7 | |a 205217-9 |2 DE-600 | |
| 035 | |a (DE-627)166495328 | ||
| 035 | |a (DE-576)014877163 | ||
| 035 | |a (DE-599)ZDB205217-9 | ||
| 035 | |a (OCoLC)1367305273 | ||
| 040 | |a DE-627 |b ger |c DE-627 |e rakwb | ||
| 041 | |a ita | ||
| 044 | |c XA-IT | ||
| 082 | 0 | 4 | |a 340 |a 300 |q DE-600 |
| 084 | |a 2 |2 ssgn | ||
| 084 | |a 86.00 |2 bkl | ||
| 084 | |a 86.10 |2 bkl | ||
| 245 | 0 | 0 | |a Studi nelle scienze giuridiche e sociali |c pubbl. dall'Istituto di Esercitazioni presso la Facoltà di Giurisprudenza. Università di Pavia |
| 246 | 3 | 3 | |a Pubblicazioni della Università di Pavia |
| 246 | 3 | 3 | |a Pubblicazioni della Università di Pavia / Studi nelle scienze giuridiche e sociali |
| 264 | 3 | 1 | |a Padova |b CEDAM |c 1912- |
| 264 | 2 | 1 | |a Padova [u.a.] |b Mattei |c anfangs |
| 336 | |a Text |b txt |2 rdacontent | ||
| 337 | |a ohne Hilfsmittel zu benutzen |b n |2 rdamedia | ||
| 338 | |a Band |b nc |2 rdacarrier | ||
| 362 | 0 | |a 1.1912 - 39.1967 = Nr. 1-145; N.S. Nr. 146.1968 - 148.1968; N.S.=[3.Ser.] 1.1971; 4.1969 - | |
| 363 | 0 | 1 | |a 1 |i 1912 |
| 363 | 1 | 0 | |i 1967 |a 39 |
| 490 | 0 | |a Pubblicazioni della Università di Pavia | |
| 591 | |a Kopie,517!se-Änderung(03-01-05) | ||
| 655 | 7 | |a Monografische Reihe |0 (DE-588)4179998-7 |0 (DE-627)104628669 |0 (DE-576)209995106 |2 gnd-content | |
| 689 | 0 | 0 | |d s |0 (DE-588)4048737-4 |0 (DE-627)106189719 |0 (DE-576)20907907X |2 gnd |a Recht |
| 689 | 0 | |5 (DE-627) | |
| 710 | 2 | |e Herausgebendes Organ |0 (DE-588)40463-9 |0 (DE-627)100927246 |0 (DE-576)19037182X |4 isb |a Istituto di Esercitazioni | |
| 710 | 2 | |e Herausgebendes Organ |0 (DE-588)40464-0 |0 (DE-627)100927289 |0 (DE-576)190371838 |4 isb |a Università degli studi di Pavia | |
| 889 | |w (DE-603)025993399 | ||
| 889 | |w (DE-576)468388451 | ||
| 935 | |i sdedup20221015 | ||
| 936 | b | k | |a 86.00 |j Recht: Allgemeines |q ARK |0 (DE-627)106416456 |
| 936 | b | k | |a 86.10 |j Recht einzelner Länder, Gebiete und Völker |q ARK |0 (DE-627)106422499 |
| 951 | |a ST | ||
| CAN | |a 1 |c 1 | ||
| ELC | |b 1 | ||
| ITA | |a 1 |t 1 | ||
| LOK | |0 000 xxxxxcx a22 zn 4500 | ||
| LOK | |0 001 2112485415 | ||
| LOK | |0 003 DE-627 | ||
| LOK | |0 004 166495328 | ||
| LOK | |0 005 20020612000000 | ||
| LOK | |0 008 890405||||||||||||||||ger||||||| | ||
| LOK | |0 040 |a DE-21 |c DE-627 |d DE-21 | ||
| LOK | |0 852 |a DE-21 | ||
| LOK | |0 852 1 |9 00 | ||
| LOK | |0 866 |x NAK | ||
| LOK | |0 939 |a 05-04-89 |b l01 | ||
| LOK | |0 000 xxxxxcx a22 zn 4500 | ||
| LOK | |0 001 2112485423 | ||
| LOK | |0 003 DE-627 | ||
| LOK | |0 004 166495328 | ||
| LOK | |0 005 20020522000000 | ||
| LOK | |0 008 990317||||||||||||||||ger||||||| | ||
| LOK | |0 040 |a DE-21 |c DE-627 |d DE-21 | ||
| LOK | |0 852 |a DE-21 | ||
| LOK | |0 852 1 |9 00 | ||
| LOK | |0 935 |a konv | ||
| LOK | |0 939 |a 17-03-99 |b l02 | ||
| LOK | |0 000 xxxxxcy a22 3n 4500 | ||
| LOK | |0 001 2112485431 | ||
| LOK | |0 003 DE-627 | ||
| LOK | |0 004 166495328 | ||
| LOK | |0 005 20090430150001 | ||
| LOK | |0 008 880930||||||||||||||||ger||||||| | ||
| LOK | |0 035 |a (DE-600)013875590 | ||
| LOK | |0 040 |a DE-21-24 |c DE-627 |d DE-21-24 | ||
| LOK | |0 092 |o n | ||
| LOK | |0 852 |8 1 | ||
| LOK | |0 852 |a DE-21-24 | ||
| LOK | |0 852 1 |c L,VIIIa,1 |9 00 | ||
| LOK | |0 85900 |8 1.1 |a 12 |i 1928 | ||
| LOK | |0 85900 |8 2.1 |a 17 |i 1932 | ||
| LOK | |0 85900 |8 3.1 |a 19 |i 1934 | ||
| LOK | |0 85910 |8 3.2 |a 25 |i 1940 | ||
| LOK | |0 86630 |a 12.1928; 17.1932; 19.1934 - 25.1940 | ||
| LOK | |0 939 |a 04-12-99 |b z01 | ||
| LOK | |0 000 xxxxxcx a22 zn 4500 | ||
| LOK | |0 001 211248544X | ||
| LOK | |0 003 DE-627 | ||
| LOK | |0 004 166495328 | ||
| LOK | |0 005 20190510131235 | ||
| LOK | |0 008 950614||||||||||||||||ger||||||| | ||
| LOK | |0 040 |a DE-21-24 |c DE-627 |d DE-21-24 | ||
| LOK | |0 852 |a DE-21-24 | ||
| LOK | |0 852 1 |c Bestand und Sign. s. Bände |9 00 | ||
| LOK | |0 939 |a 14-06-95 |b l01 | ||
| LOK | |0 000 xxxxxcx a22 zn 4500 | ||
| LOK | |0 001 2112485458 | ||
| LOK | |0 003 DE-627 | ||
| LOK | |0 004 166495328 | ||
| LOK | |0 005 20040316000000 | ||
| LOK | |0 008 020402||||||||||||||||ger||||||| | ||
| LOK | |0 040 |a DE-21-19 |c DE-627 |d DE-21-19 | ||
| LOK | |0 852 |a DE-21-19 | ||
| LOK | |0 852 1 |m p |9 00 | ||
| LOK | |0 935 |a ALAS |a k019 | ||
| LOK | |0 938 |k p | ||
| LOK | |0 939 |a 02-04-02 |b l01 | ||
| ORI | |a SA-MARC-ixtheob001.raw | ||
| REL | |a 1 | ||
| SPR | |a 1 |t CAN |t IXT | ||
| STA | 0 | 0 | |a Law,Law,Right,Law,Jurisprudence,Law in literature |
| STB | 0 | 0 | |a Droit,Droit |
| STC | 0 | 0 | |a Derecho,Derecho |
| STD | 0 | 0 | |a Diritto,Diritto |
| STE | 0 | 0 | |a 法律,法律,法制,法制 |
| STF | 0 | 0 | |a 法律,法律,法制,法制 |
| STG | 0 | 0 | |a Direito,Direito |
| STH | 0 | 0 | |a Право (мотив),Право |
| STI | 0 | 0 | |a Δίκαιο (μοτίβο),Δίκαιο |
| SUB | |a REL | ||



